000 01288cam a22003617a 4500
003 CHAP
005 20220329134519.0
008 971013s1976 r 00010 d
010 _a21443
011 _a22415
035 _a26510
040 _cCHAP
082 _a572
_bC5Y 1964
100 0 0 _aClark, Wilfrido E. Le Gros.
_923639
245 1 3 _aEl testimonio fósil de la evolución humana
_b: introducción al estudio de la paleoantropología
260 _aMéxico, D.F. :
_bFondo de Cultura Economíca,
_c1976
300 _a242 p.
_b: ilus.
490 0 _aObras de antropología
500 _aTrad. de la 2 ed. en inglés de 1964
590 _aBATCH-UPD
_b10
_c20130110
_lUCH01
_h0039
590 _aBATCH-UPD
_b10
_c20130110
_lUCH01
_h1614
590 _aBATCH-UPD
_b10
_c20130410
_lUCH01
_h1009
590 _aBATCH-UPD
_b10
_c20130914
_lUCH01
_h0946
590 _aCONVERSION
_b10
_c20130109
_lUCH01
_h1313
650 1 4 _aAntropologia.
_96133
650 1 4 _aEvolución.
_939007
650 1 4 _aPaleontología.
_984907
830 0 _aObras de antropología
_982527
901 _aBK
942 _cLIBRO
949 _a572 C5Y 1964
_bBC
_cLIBRO
_d33724000477329
_eLIBRO
_gI. c/e
_h64410
_i26510
_si
_t870.00
949 _a572 C5Y 1964
_bBC
_cLIBRO
_d33724000477337
_eLIBRO
_fc.2
_gI. c/e
_h64411
_i26510
_si
_t870.00
999 _c21443
_d21443